Vista normal Vista MARC

Entrada Materia (personas)

Número de registros utilizados en: 1

001 - CONTROL NUMBER

  • control field: 62934

003 - CONTROL NUMBER IDENTIFIER

  • control field: Co-BoUCM

005 - DATE AND TIME OF LATEST TRANSACTION

  • control field: 20140714104811.0

008 - FIXED-LENGTH DATA ELEMENTS

  • fixed length control field: 140714|| aca||aabn | a|a d

040 ## - CATALOGING SOURCE

  • Original cataloging agency: Co-BoUCM
  • Transcribing agency: Co-BoUCM

100 ## - HEADING--PERSONAL NAME

  • Personal name: Desprez, Louis,
  • Dates associated with a name: active 17th century

670 ## - SOURCE DATA FOUND

  • Source citation: Work cat.: (Co-BoUCM)71749: Horacio Flaco, Quinto 65-8 a. C. 39043, Quinti Horatii Flacci Opera Interpretatione et notis illustravit Ludovicus Desprez … Iussu Chistianissimi Regis In usum Serenissimi Delphini … Quinti Horatii Flacci opera quae extant. Tomus secundus., 1762